Disney - Charakter mit "N" - Statistiken

Allgemein
  • Dieses Quiz wurde 56 mal gespielt
  • Das Durchschnittsergebnis liegt bei 4 aus 17
Antwortstatistiken
Film/ Serie Name % Korrekt
König der Löwen Nala
91%
Findet ... Nemo
89%
Tinkerbell & die Legendevom..... Nimmerbiest
45%
Küss den Frosch Naveen
34%
Guardians of the Galaxy Nebula
30%
Avengers Nick Fury
27%
Zoomania Nick Wilde
27%
Peter Pan Nana
14%
König der Löwen Nuka
5%
101 Dalmatiner Nanny
2%
Tinkerbell & die Legendevom Nimmerbiest Nyx
2%
Pocahontas Nakoma
0%
Raya Namaari
0%
Arlo & Spot Nash
0%
W.i.t.c.h. Nerissa Crossnic
0%
Marvel Nova
0%
Robin Hood Nutsy
0%
Keine übereinstimmenden Quizze gefunden
Verteilung der Resultate
Anzahl Personen mit jedem Resultat
Perzentil nach korrekt beantworteten Fragen
Ihre Resultats-Entwicklung
Sie haben dieses Quiz noch nicht gespielt